000 00659nam a2200253Ia 4500
003 OSt
005 20220928131439.0
006 a|||||r|||| 00| 0
007 ta
008 220927b |||||||| |||| 00| 0 eng d
024 _a770
037 _cTextual
040 _aSDCL
_cSDCL
_beng
041 _2eng
_aeng
082 _aO-,3N4:g, P5
100 _aSicher Efraim
_9478185
245 0 _aHolocaust novel.
260 _aNew York
_b Routledge
_c2005
300 _axxix,261p
_ccm.
490 _aGenres in context
650 _aEnglish Fiction-Criticism
942 _hO-,3N4:g, P5
_cTEXL
_2CC
999 _c790686
_d790686